000 00697nam a2200205Ia 4500
003 Ost
005 20260507075659.0
008 260507s9999||||xx |||||||||||||| ||und||
020 _a3705919977
040 _cfsecg
041 _aara
100 _aعبد الحميد، عبد المطلب
_eمؤلف
245 0 _aالسياسات الاقتصادية على مستوى المشروع (تحليل جزئي) /
_c عبد المطلب عبد الحميد
260 _aالقاهرة:
_bمجموعة النيل العربية,
_c2003
300 _a227 صفحة؛
653 _aاقتصاد
653 _aتحليل اقتصادي
653 _aسياسة اقتصادية
942 _cكتاب
999 _c45795
_d45795